| 000 | 00512nam a2200181Ia 4500 | ||
|---|---|---|---|
| 005 | 20250326123545.0 | ||
| 008 | 250326s9999 xx 000 0 und d | ||
| 037 | _aTextbook | ||
| 040 |
_aFMSL _beng _cFMSL |
||
| 041 |
_aeng _2eng |
||
| 084 |
_aB2893PobX L3;1 _qFMSL |
||
| 100 | _aKwak N K | ||
| 245 | 0 |
_aMathematical programming with business applications _cKwak N K |
|
| 260 |
_aNY _bNY, McGraw-Hill _c1973 |
||
| 300 | _a334p | ||
| 942 |
_cTB _hB2893PobX L3;1 |
||
| 999 |
_c1269908 _d1269908 |
||